Entry Nombre personal
001 - NÚMERO DE CONTROL
- campo de control: 105662
003 - IDENTIFICADOR DE NÚMERO DE CONTROL
- campo de control: SpMaBN
005 - FECHA Y HORA DE LA ÚLTIMA TRANSACCIÓN
- campo de control: 20250817064743.0
008 - ELEMENTOS DE DATO DE LONGITUD-FIJA
- campo de control de longitud fija: 010212nn aijnnaabn a aaa
016 ## - NÚMERO DE CONTROL DE UNA AGENCIA BIBLIOGRÁFICA NACIONAL
- Número de control del registro: BNE20010864592
024 7# - IDENTIFICADOR DE OTROS ESTÁNDARES
- Número estándar o código: http://viaf.org/viaf/87706573/
- Fuente: viaf
040 ## - FUENTE DE CATALOGACIÓN
- Centro catalogador/agencia de origen: SpMaBN
- Lengua de catalogación: spa
- Centro/agencia transcriptor: SpMaBN
- Normas de descripción: rdc
- Convención/Normas de encabezamiento de materia/tesauro: embne
046 ## - FECHAS CON CODIFICACIÓN ESPECIAL
- Período de inicio: 1869
- Fin de período: 1875
100 1# - ENCABEZAMIENTO-NOMBRE DE PERSONA
- Nombre de persona: Serra y Mas, Pascual,
- Fechas asociadas al nombre: fl. 1869-1875
375 ## - GÉNERO/SEXO
- Género: Masculino
400 1# - TRAZADO DE VÉASE--NOMBRE DE PERSONA
- Nombre de persona: Serra Mas, Pasqual,
- Fechas asociadas al nombre: fl. 1869-1875
670 ## - FUENTE DE DATOS ENCONTRADOS
- Cita de la fuente: Estampas: cinco siglos de imagen impresa
- Información encontrada: (Serra y Mas, Pascual; Mataró (Barcelona), 1847; calcógrafo; Madrid, 1869-1875)
670 ## - FUENTE DE DATOS ENCONTRADOS
- Cita de la fuente: Diccionario biogr. Artistas de Cataluña
- Información encontrada: (Serra Mas, Pasqual; grabador; n. en Mataró en 1847: primer grabador del Depósito Hidrógrafico de Madrid y de la Imprenta Nacional)
